| 000 | 00563nam a2200181Ia 4500 | ||
|---|---|---|---|
| 005 | 20250508160849.0 | ||
| 008 | 008 250505s9999 xx 000 0 eng d | ||
| 037 | _aTextual | ||
| 040 |
_aFEDL _beng _cFEDL |
||
| 041 |
_aeng _2eng |
||
| 084 |
_a304.6, GYA _qFEDL |
||
| 100 | _aGyan Chand | ||
| 245 | 0 | _aPopulation in perspective study of population crisis in India in the context of new social horizons | |
| 260 |
_aNew Delhi, India _bOrient Longman Limited _c1972 |
||
| 300 | _a380p. | ||
| 942 |
_cTEXL _h304.6, GYA |
||
| 999 |
_c1367058 _d1367058 |
||